International Public Administration Reform (Record no. 4301)

MARC details
005 - DATE AND TIME OF LATEST TRANSACTION
control field 20250618130213.0
020 ## - INTERNATIONAL STANDARD BOOK NUMBER
International Standard Book Number 0-8213-5572-4
082 ## - DEWEY DECIMAL CLASSIFICATION NUMBER
Classification number 658 MAN
100 ## - MAIN ENTRY--PERSONAL NAME
Author name MANNING, N
245 ## - TITLE STATEMENT
Title International Public Administration Reform
260 ## - PUBLICATION, DISTRIBUTION, ETC.
Place of publication, distribution, etc. Washington
Name of publisher, distributor, etc. The World Bank
Date of publication, distribution, etc. 2004
300 ## - PHYSICAL DESCRIPTION
Extent xiii,113p.
Other physical details Index
Dimensions 23cm
700 ## - ADDED ENTRY--PERSONAL NAME
Other authors/Editors Neil Parison
942 ## - ADDED ENTRY ELEMENTS (KOHA)
Source of classification or shelving scheme Dewey Decimal Classification
Koha item type Books
Holdings
Date last seen Total checkouts Full call number Barcode Cost, replacement price Price effective from Koha item type Lost status Source of classification or shelving scheme Damaged status Not for loan Withdrawn status Home library Current library Shelving location Date acquired Source of acquisition Cost, normal purchase price
06/18/2025   658 MAN MZA0001362 90000.00 06/18/2025 Books   Dewey Decimal Classification       CBE Mwanza CBE Mwanza General Collection 07/16/2007 Library Budget 30000.00
06/18/2025   658 MAN MZA0001363 90000.00 06/18/2025 Books   Dewey Decimal Classification       CBE Mwanza CBE Mwanza General Collection 07/16/2007 Library Budget 30000.00
06/18/2025   658 MAN MZA0001364 90000.00 06/18/2025 Books   Dewey Decimal Classification       CBE Mwanza CBE Mwanza General Collection 07/16/2007 Library Budget 30000.00
06/18/2025   658 MAN MZA0001365 90000.00 06/18/2025 Books   Dewey Decimal Classification       CBE Mwanza CBE Mwanza General Collection 07/16/2007 Library Budget 30000.00
06/18/2025   658 MAN MZA0001366 90000.00 06/18/2025 Books   Dewey Decimal Classification       CBE Mwanza CBE Mwanza General Collection 07/16/2007 Library Budget 30000.00